000 00698cab a22001935a 4500
001 L157899
008 130628e20130622xxk 000 0 eng d
035 _a(Sirsi) u157899
041 0 _aeng
100 1 _aPawlowski, Mark
245 0 0 _aTermination of tenancies
_banother year goes by
260 _c2013
490 _aEstates Gazette
_v(1325) 22 June 2013, 101(1)
520 _aReflects on the slow progress of making the Termination of Tenancies Bill law. Comments on the length of time that this bill has been waiting to be implemented and how reform in this area is long overdue.
590 _aKA
651 4 _aEngland and Wales
_y1543-
690 _aLandlord and tenant
_96252
942 _n0
999 _c84483
_d84483